=LDR 00000nam 2200000 4500 =001 NUTBA000000000005816 =005 20141111095135.0 =006 =007 =008 =020 ##$$a 978-602-8489-91-1 =035 ##$$0010-111400000000295 =040 ##$$a NBPDMAT =090 ##$$a 028.5 $b Wen a =100 ##$$a Weni Rahayu =245 ##$$a Ayo mengenal buah berkulit tebal/ $c Weni Rahayu; editor, Laila Febrina =260 ##$$a Jakarta : $b Mediantara Semesta, $c 2013 =300 ##$$a iv, 11 hlm. : $b ilus. ; $c 17 cm. =500 ##$$a Bibliografi : hlm. 11 =650 ##$$a Bacaan Kanak - Kanak =700 ##$$a Laila Febrina =850 ##$$a NBPDMAT =990 ##$$a 21602522/BPAP-NTB/2017 =990 ##$$a 21602523/BPAP-NTB/2017